Китайская мифология: энциклопедия

Detalhes bibliográficos
Outros Autores: Королев К. Кирилл (составитель)
Resumo:Китай — безусловный социально-политический и культурный феномен человеческой истории. Нет другой цивилизации, которая отличалась бы такой же устойчивостью ко всем потрясавшим ее кризисам и выходила бы из них, говоря словами современного китайского поэта, «обновленной, но прежней». Верность традиции проявляется в Китае во всем, в том числе и в мифологии, которая во многом до сих пор определяет китайский взгляд на мир. Китайская мифология позволяет человеку вновь и вновь возвращаться к истокам человечности в себе, ибо ориентирована на «технику сердца». И в этом — секрет ее поразительного долголетия.
Idioma:russo
Publicado em: Москва, Эксмо, 2007
Assuntos:
Formato: Livro
KOHA link:https://koha.lib.tpu.ru/cgi-bin/koha/opac-detail.pl?biblionumber=136435

MARC

LEADER 00000nam0a2200000 4500
001 136435
005 20231031140522.0
010 |a 9785699206445 
035 |a (RuTPU)RU\TPU\book\147870 
090 |a 136435 
100 |a 20080423d2007 km y0rusy50 ca 
101 0 |a rus 
102 |a RU 
105 |a a f 001zy 
200 1 |a Китайская мифология  |e энциклопедия  |f сост., общ. ред., предисл. К. Королева 
210 |a Москва  |c Эксмо  |a СПб.  |c Мидгард  |d 2007 
215 |a 416 с.  |c ил. 
320 |a Библиография: с. 411-415. 
330 |a Китай — безусловный социально-политический и культурный феномен человеческой истории. Нет другой цивилизации, которая отличалась бы такой же устойчивостью ко всем потрясавшим ее кризисам и выходила бы из них, говоря словами современного китайского поэта, «обновленной, но прежней». Верность традиции проявляется в Китае во всем, в том числе и в мифологии, которая во многом до сих пор определяет китайский взгляд на мир. Китайская мифология позволяет человеку вновь и вновь возвращаться к истокам человечности в себе, ибо ориентирована на «технику сердца». И в этом — секрет ее поразительного долголетия. 
610 1 |a мифология 
610 1 |a мифы 
610 1 |a Китай 
610 1 |a китайская мифология 
610 1 |a императорские династии 
610 1 |a конфуцианство 
610 1 |a даосизм 
610 1 |a буддизм 
610 1 |a энциклопедии 
686 |a Э31  |v LBC/SL-A  |2 rubbk 
702 1 |a Королев  |b К.  |g Кирилл  |4 220 
801 1 |a RU  |b 63413507  |c 20080423  |g PSBO 
801 2 |a RU  |b 63413507  |c 20120417  |g PSBO 
942 |c BK 
959 |a 46/20080422  |d 1  |e 225,61  |f ЧЗГЛ:1